| 000 | 00913cab a2200265 4500 | ||
|---|---|---|---|
| 001 | ABS51055 | ||
| 008 | 090401t1994 xxu||||| |||| 00| 0 eng d | ||
| 035 | _a(Sirsi) u7103 | ||
| 041 | _aeng | ||
| 100 | _aCleary, J. | ||
| 245 | _aDefence research sites take a step towards the future | ||
| 260 | _c1994 | ||
| 350 | _a0 | ||
| 490 |
_aPlanning (for the Natural and Built Environment) _v(1077) 15 July 1994, 26(1) |
||
| 520 | _aReports on the rationalisation programme for more than 500 operational MoD sites throughout the UK. Examines proposals for some of the largest new research and development buildings allowed in recent years. | ||
| 650 | _aDEFENCE LAND | ||
| 650 | _aDEFENCE RESEARCH AGENCY | ||
| 650 | _aMINISTRY OF DEFENCE | ||
| 650 | _aMOD | ||
| 650 | _aRESEARCH ESTABLISHMENTS | ||
| 650 | _aSURPLUS LAND | ||
| 690 | _aPROPERTY-COMMERCIAL PROPERTY | ||
| 942 | _n0 | ||
| 948 | _c04/03/1997 | ||
| 999 |
_c4242 _d4242 |
||